[Event "Rheinhausen-ch 11th"]
[Site "Duisburg Rheinhausen"]
[Date "2007.01.26"]
[Round "2"]
[White "Schwarz, Ingo"]
[Black "Bormann, Tobias"]
[Result "1-0"]
[WhiteElo "1915"]
[BlackElo "1578"]
[PlyCount "73"]
[EventDate "2007.01.12"]
[EventType "swiss"]
[EventRounds "7"]
[EventCountry "GER"]
[SourceTitle "EXT 2018"]
[Source "ChessBase"]
[SourceDate "2017.10.13"]
[SourceVersion "1"]
[SourceVersionDate "2017.10.13"]
[SourceQuality "1"]

1. e4 c5 2. Bc4 d6 3. f4 e6 4. Qe2 Nc6 5. Nf3 Nge7 6. Nc3 a6 7. a4 g6 8. d3 Bg7 9. Bb3 0-0 10. g4 Kh8 11. h4 Nd4 12. Nxd4 Bxd4 13. h5 Kg7 14. Qh2 Rh8 15. Ne2 Nc6 16. g5 Qc7 17. c3 Bd7 18. cxd4 cxd4 19. Qg2 Qb6 20. Ra3 Rac8 21. h6+ Kf8 22. 0-0 Ke7 23. Bd2 Rhg8 24. a5 Qa7 25. Ba4 b5 26. axb6 Qxb6 27. Rb3 Qa7 28. Bxc6 Rxc6 29. Nxd4 Rc7 30. Be3 Qa8 31. Ra1 a5 32. Rb6 Rgc8 33. Qd2 a4 34. Qb4 Bc6 35. Nxc6+ Rxc6 36. Rb7+ Ke8 37. Rxa4 1-0

[Event "Rheinhausen-ch 10th"]
[Site "Duisburg Rheinhausen"]
[Date "2006.03.17"]
[Round "6.15"]
[White "Bormann, Tobias"]
[Black "Reisloh, Carsten"]
[Result "1/2-1/2"]
[WhiteElo "1647"]
[BlackElo "1653"]
[PlyCount "74"]
[EventDate "2006.01.06"]
[EventType "swiss"]
[EventRounds "7"]
[EventCountry "GER"]
[SourceTitle "EXT 2007"]
[Source "ChessBase"]
[SourceDate "2006.11.23"]
[SourceVersion "1"]
[SourceVersionDate "2006.11.23"]
[SourceQuality "1"]

1. d4 d5 2. Nf3 Nf6 3. e3 e6 4. Bd3 c5 5. c3 Nc6 6. Nbd2 Bd6 7. 0-0 e5 8. dxe5 Nxe5 9. Nxe5 Bxe5 10. e4 dxe4 11. Nxe4 Nxe4 12. Bxe4 Qc7 13. h3 0-0 14. Qc2 g6 15. Be3 Be6 16. c4 Rad8 17. Rad1 b6 18. b3 Bf4 19. Bxf4 Qxf4 20. Rfe1 Qg5 21. Qc3 Rxd1 22. Rxd1 Rd8 23. Rxd8+ Qxd8 24. Qd3 Qxd3 25. Bxd3 g5 26. Kf1 h6 27. Ke2 Kf8 28. Ke3 Ke7 29. f4 f6 30. Be4 Kd6 31. Kf3 Bd7 32. Ke3 a5 33. a4 Be8 34. Bd5 Bg6 35. Be4 Bh5 36. Bf3 Bg6 37. Be4 Bh5 1/2-1/2

[Event "Rheinhausen op"]
[Site "Duisburg"]
[Date "2005.03.18"]
[Round "7"]
[White "Bormann, Tobias"]
[Black "Pennekamp, Manfred"]
[Result "0-1"]
[WhiteElo "1615"]
[BlackElo "1817"]
[PlyCount "40"]
[EventDate "2005.01.07"]
[EventType "swiss"]
[EventRounds "7"]
[EventCountry "GER"]
[SourceTitle "EXT 2006"]
[Source "ChessBase"]
[SourceDate "2005.11.24"]
[SourceVersion "1"]
[SourceVersionDate "2005.11.24"]
[SourceQuality "1"]

1. d4 Nf6 2. c4 c5 3. d5 b5 4. cxb5 a6 5. e3 Bb7 6. Nc3 g6 7. Nf3 Bg7 8. Bc4 d6 9. 0-0 Nbd7 10. Re1 0-0 11. Qd2 Ng4 12. b3 Nge5 13. Nxe5 Nxe5 14. Bf1 axb5 15. Bxb5 e6 16. f4 Ng4 17. dxe6 fxe6 18. Bb2 d5 19. Be2 Nxe3 20. Qxe3 Bd4 0-1